Ekonomická efektívnosť poľnohospodárskej výroby plánovanie, rezervy zvyšovania
Salvato in:
| Autore principale: | |
|---|---|
| Natura: | Libro |
| Lingua: | slovacco |
| Pubblicazione: |
Bratislava
Príroda
1985
|
| Serie: | Ekonomika poľnohospodárstva
|
| Tags: |
Nessun Tag, puoi essere il primo ad aggiungerne!!
|
MARC
| LEADER | 00000nam a2200000 4500 | ||
|---|---|---|---|
| 001 | c105961 | ||
| 005 | 20041019155135.8 | ||
| 041 | 0 | |a slo | |
| 044 | |a SK | ||
| 245 | 1 | 0 | |a Ekonomická efektívnosť poľnohospodárskej výroby |b plánovanie, rezervy zvyšovania |c Pavol Ambroš |
| 264 | 1 | |a Bratislava |b Príroda |c 1985 | |
| 300 | |a 235 s. | ||
| 490 | 1 | |a Ekonomika poľnohospodárstva | |
| 830 | 0 | |a Ekonomika poľnohospodárstva | |
| 100 | 1 | |a Ambroš, Pavol | |